000 01218naa a22003257a 4500
001 BR9401687
003 BR-BrBNA
005 20250721155436.0
007 ta
008 250630b bl.|||m| |||| 00| 0 por d
040 _aBR-BrBNA
_bpor
_cBiblioteca Nacional de Agricultura
041 _a(Pt)
072 _aP36; F01
_b0180
090 _aP36 BR9401687
100 1 _aHernani, L.C.
111 1 _a8. Reuniao da Comissao Centro-Sul-Brasileira de Pesquisa com Trigo
_cLondrina, PR (Brazil)
_d3-7 Feb 1992
245 1 _aSistemas de manejo e perdas por erosao de um latossolo roxo distrofico argiloso sob chuva natural
500 _aResultados de pesquisa com trigo - 1991 Dourados, MS (Brasil): 1992. p. 76-82 (BR9401687-AMS)
773 0 _tResultados de pesquisa com trigo - 1991
_wP36 BR9401687
_gDourados, MS (Brasil), 1992. p. 76-82
650 _aTrigo
650 _aSolo
650 _aErosao do Solo
650 _aPratica Cultural
650 _aPluviometro
650 _aQuimica do Solo
650 _aSemeadura
490 _aDocumentos - Unidade de Execucao de Pesquisa de Ambito Estadual de Dourados (Brazil)
_vno. 54
_xISSN 0102-5651
942 _cAMS
_2AGRIS
909 _a202506
_bLúcia
_c55
_dLúcia Elande
999 _c336511
_d336511